[Event "Mallorca-chT"]
[Site "Palma de Mallorca"]
[Date "2002.03.09"]
[Round "7.6"]
[White "Moll, Xisco"]
[Black "Oliver Marquet, Juan"]
[Result "1-0"]
[WhiteElo "2125"]
[BlackElo "1852"]
[PlyCount "21"]
[EventDate "2002.??.??"]
[EventType "team"]
[EventRounds "10"]
[EventCountry "ESP"]
[SourceTitle "EXT 2003"]
[Source "ChessBase"]
[SourceDate "2002.11.25"]
[SourceVersion "1"]
[SourceVersionDate "2002.11.25"]
[SourceQuality "1"]

1. e4 e5 2. Nf3 Nc6 3. Bb5 a6 4. Ba4 b5 5. Bb3 Bc5 6. c3 Nf6 7. d4 Ba7 8. dxe5 Nxe4 9. Qd5 Qe7 10. Qxe4 d6 11. Qxc6+ 1-0

[Event "Mallorca-chT"]
[Site "Palma de Mallorca"]
[Date "2002.02.09"]
[Round "4.6"]
[White "Sanabria Macias, Anselmo"]
[Black "Moll, Xisco"]
[Result "1-0"]
[WhiteElo "2067"]
[BlackElo "2125"]
[PlyCount "85"]
[EventDate "2002.??.??"]
[EventType "team"]
[EventRounds "10"]
[EventCountry "ESP"]
[SourceTitle "EXT 2003"]
[Source "ChessBase"]
[SourceDate "2002.11.25"]
[SourceVersion "1"]
[SourceVersionDate "2002.11.25"]
[SourceQuality "1"]

1. e4 c5 2. Nf3 Nc6 3. d4 cxd4 4. Nxd4 Nxd4 5. Qxd4 e6 6. Nc3 Ne7 7. a3 Nc6 8. Qd3 Bc5 9. Be3 Bxe3 10. Qxe3 0-0 11. 0-0-0 a6 12. Qc5 b5 13. Be2 Bb7 14. Rd6 Rc8 15. Rhd1 Rc7 16. Bxb5 axb5 17. Nxb5 Rc8 18. Rxd7 Na5 19. Nc7 Rxc7 20. Rxc7 Qa8 21. f3 h6 22. Rd6 Bxe4 23. fxe4 Nb7 24. Rxb7 Qxb7 25. Qc6 Qa7 26. Qb6 Qe7 27. Qd4 Qg5+ 28. Qd2 Qe5 29. Rd8 Rxd8 30. Qxd8+ Kh7 31. g3 g6 32. Qd3 Qh5 33. b4 Qxh2 34. a4 h5 35. a5 h4 36. gxh4 Qxh4 37. Qe2 Qf4+ 38. Kb2 f5 39. a6 Qd6 40. c3 f4 41. a7 f3 42. Qxf3 Qa6 43. Qf7+ 1-0

[Event "Mallorca-chT"]
[Site "Palma de Mallorca"]
[Date "2002.01.19"]
[Round "1.6"]
[White "Haro Castillo, Felix Jose"]
[Black "Moll, Xisco"]
[Result "1-0"]
[WhiteElo "1963"]
[BlackElo "2125"]
[PlyCount "93"]
[EventDate "2002.??.??"]
[EventType "team"]
[EventRounds "10"]
[EventCountry "ESP"]
[SourceTitle "EXT 2003"]
[Source "ChessBase"]
[SourceDate "2002.11.25"]
[SourceVersion "1"]
[SourceVersionDate "2002.11.25"]
[SourceQuality "1"]

1. c4 e6 2. g3 d5 3. Bg2 Nf6 4. Nf3 Be7 5. 0-0 0-0 6. d4 c6 7. cxd5 exd5 8. Nc3 Na6 9. a3 h6 10. Qd3 Be6 11. Ne5 Nd7 12. Nxc6 bxc6 13. Qxa6 Nb6 14. Bf4 Qd7 15. Rfe1 g5 16. Bc1 f5 17. Qd3 Rf6 18. f4 Rg6 19. Bf3 g4 20. Bg2 Bf6 21. b3 Qg7 22. e3 Rc8 23. b4 Re8 24. Bd2 Nc4 25. Na4 Bc8 26. Nc5 h5 27. a4 h4 28. b5 h3 29. Bh1 Nxd2 30. Qxd2 Rxe3 31. Rxe3 Bxd4 32. Rc1 Kh7 33. Kf1 Bxc5 34. Rxc5 Qa1+ 35. Rc1 Qxa4 36. bxc6 d4 37. Re7+ Kh6 38. Rd1 Rd6 39. Qe1 d3 40. Rd2 Qc4 41. Kf2 Qc5+ 42. Qe3 Qc1 43. Re8 Qxh1 44. Rh8+ Kg6 45. Qe8+ Kg7 46. Qf8+ Kg6 47. Rh6# 1-0